Ensayo sobre un sistema de seguridad social para dueñas de casa

Gespeichert in:
Bibliographische Detailangaben
1. Verfasser: Rivas Schulz, Gaspar Eugenio (VerfasserIn)
Format: Buch
Sprache:Spanisch
Veröffentlicht: Santiago Andrés Bello 1972
Santiago Universidad de Chile 1972
Schlagworte:
Tags: Tag hinzufügen
Keine Tags, Fügen Sie den ersten Tag hinzu!

MARC

LEADER 00000nam a2200000 a 4500
001 UCS2241
003 CL-VaPUC
008 970523e19720000CL |||||||||||||||||spa|d
082 0 4 |a 344.02  |b RIV  |2 21 
100 0 |a Rivas Schulz, Gaspar Eugenio  |e author  |9 387434 
245 1 0 |a Ensayo sobre un sistema de seguridad social para dueñas de casa 
300 |a 87 p 
942 |c BK 
945 |d 19970523 00:00:00  |a cmena 
260 |a Santiago  |b Andrés Bello  |c 1972 
260 |a Santiago  |b Universidad de Chile  |c 1972 
650 7 |a DERECHO LABORAL  |2 CL-VaPUC  |9 15 
650 0 |a Seguridad social  |9 255322 
650 0 |a Mujeres  |9 257649 
650 0 |a Derecho comparado  |9 255664 
650 0 |a Obligaciones   |9 255578 
650 0 |a Asignaciones  |9 371912 
650 7 |a COTIZACIONES PREVISIONALES  |2 CL-VaPUC  |9 387435 
650 7 |a PENSIONES  |2 CL-VaPUC  |9 323807 
650 7 |a FONDOS DE PENSIONES  |2 CL-VaPUC  |9 327976 
651 7 |a CHILE  |2 CL-VaPUC  |9 387436 
583 |a last modification  |c 20170712 10:17:34  |k Rodrigo Vera 
999 |c 260217  |d 260215 
952 |0 0  |1 0  |2 ddc  |4 0  |6 344_020000000000000_RIV_1972_1972  |7 0  |8 A  |9 286133  |a BIBDER  |b BIBDER  |d 2019-11-19  |i 1858351  |o 344.02 RIV 1972 1972  |p 1858351  |r 2023-01-25  |w 2019-11-19  |y MX  |k DER